Ruže kvitnú pod košom Natália Hejková dokázala dostať basketbalistky SCP Ružomberok na výslnie

Bibliographic Details
Main Authors: Mrva, František (ain), Hejková, Natália, 1954- (Author, uin)
Format: Article
Language:Slovak
PhysicalDescription:Fotogr.
Subjects:

MARC

LEADER 00000nab a2200000 a 4500
001 vtls000682780
003 SK-MaSNL
005 20260302181002.0
008 160322c1999 xo 0 slo
015 |a SNBRB1999/02-04131 
035 |a CLN000034947 
040 |a SNKBUCL  |b slo  |c SNKBUCL  |e AACR2 
041 0 |a slo 
044 |a xo  |c SK 
080 |a 796.323.071.4  |2 UDC-MRF-SK2 
080 |a 929 Hejková, Natália  |2 UDC-MRF-SK2 
100 1 |a Mrva, František  |4 ain  |9 12692 
245 1 0 |a Ruže kvitnú pod košom  |b Natália Hejková dokázala dostať basketbalistky SCP Ružomberok na výslnie  |c [zhováral sa] František Mrva 
300 |b Fotogr. 
600 1 7 |a Hejková, Natália,  |d 1954-  |2 snkbucl  |9 15842 
655 7 |a články z novín a časopisov  |2 snkbucl  |9 267496 
700 1 |a Hejková, Natália,  |d 1954-  |4 aut  |4 uin  |9 15842 
773 0 |t Slovenská republika víkend  |g Roč. 6, č. 8/47 (1999), s. 24 
850 |a Slovenská národná knižnica v Martine 
852 |a SNK  |b KIS3GCP 
958 |a BX 
958 |a RBX 
999 |c 1412513  |d 1414443